[Event "AUTO-MASTER-942"]
[Site "http://www.queenalice.com/game.php?id=674761"]
[Date "2009.10.30"]
[Round "1"]
[White "Andreu"]
[Black "joacijc"]
[Result "1/2-1/2"]
[WhiteElo "1921"]
[BlackElo "1979"]

1. e4 e5 2. f4 exf4 3. d4 Qh4+ 4. Kd2 Nf6 5. Bd3 Qf2+ 6. Qe2 Qxe2+ 7. Nxe2 d5 8.
e5 Ne4+ 9. Bxe4 dxe4 10. Nxf4 Nc6 11. c3 Bf5 12. h3 h5 13. Ke3 g5 14. Ne2 Bh6
15. Ng3 g4+ 16. Kf2 Bxc1 17. Nxf5 Bxb2 18. Ng7+ Kf8 19. Nf5 Bxa1 20. hxg4 Ne7
21. Ng3 e3+ 22. Kxe3 Nd5+ 23. Kd3 Kg7 24. Nxh5+ Kg6 25. Rc1 Rad8 26. Ke4 f5+ 27.
gxf5+ Kg5 28. Ng7 Rh4+ 29. Kd3 Nf4+ 30. Kc4 Rh7 31. f6 Kg6 32. Nd2 Bb2 33. Rb1
Ba3 34. Rxb7 Bf8 35. g3 Bxg7 36. gxf4 Bh6 37. Ne4 c6 38. Rxh7 Kxh7 39. f5 Rd5
40. f7 Kg7 41. e6 Bf4 42. f6+ Kf8 43. Kd3 Rf5 44. Nc5 Rd5 45. c4 Rxc5 46. dxc5
Be5 47. Ke4 Bxf6 48. Kf5 Be7 49. Kg6 Bxc5 50. Kf6 Bd4+ 51. Kg6 Ke7 52. a4 Bc5
53. Kg7 Kxe6 54. f8=Q Bxf8+ 55. Kxf8 a5 56. Ke8 Kd6 57. Kd8 c5 58. Kc8 Ke5 59.
Kb7 Kd4 60. Kb6 Kxc4 61. Kxa5 Kd3 62. Kb5 c4 63. a5 c3 64. a6 c2 65. a7 c1=Q 66.
a8=Q Qb1+ 67. Ka6 Qa2+ 68. Kb7 Qxa8+ 69. Kxa8 Kc4 70. Kb7 1/2-1/2

[Event "AUTO-MASTER-942"]
[Site "http://www.queenalice.com/game.php?id=674762"]
[Date "2009.10.30"]
[Round "1"]
[White "joacijc"]
[Black "Andreu"]
[Result "1-0"]
[WhiteElo "1968"]
[BlackElo "1933"]

1. d4 d5 2. e3 Nf6 3. Nf3 e6 4. c4 b6 5. Nc3 Bb4 6. a3 Be7 7. Ne5 O-O 8. cxd5
exd5 9. Bd3 c5 10. dxc5 Bxc5 11. b4 Bd6 12. Nf3 Bg4 13. Be2 Be6 14. Bb2 Nbd7 15.
Nd4 Qc7 16. Nxe6 fxe6 17. Nb5 Qb8 18. Nxd6 Qxd6 19. O-O Ne5 20. Qd4 Nc6 21. Qh4
e5 22. Rad1 Ne7 23. Qg3 Nd7 24. e4 d4 25. Rxd4 Qc6 26. Rc4 Qe6 27. Rc7 Nf6 28.
Bc4 Ned5 29. Qxg7# 1-0

[Event "AUTO-MASTER-942"]
[Site "http://www.queenalice.com/game.php?id=674775"]
[Date "2009.10.30"]
[Round "1"]
[White "zonszein"]
[Black "joacijc"]
[Result "1-0"]
[WhiteElo "2173"]
[BlackElo "1977"]

1. e4 e5 2. Nf3 Nc6 3. Bb5 a6 4. Ba4 b5 5. Bb3 d6 6. c3 Nf6 7. O-O Nxe4 8. Bd5
Bb7 9. Bxe4 d5 10. Bc2 Bd6 11. Bb3 e4 12. Bxd5 exf3 13. Qxf3 Ne5 14. Re1 Bxd5
15. Qxd5 O-O 16. d4 Nd3 17. Kf1 Nxe1 18. Kxe1 Re8+ 19. Be3 Bf4 20. Qxd8 Raxd8
21. Ke2 Re7 22. Nd2 f5 23. Nf1 Bxe3 24. fxe3 f4 25. Kd3 fxe3 26. Nxe3 c5 27. Rf1
c4+ 28. Kd2 Rde8 29. Rf3 Rf7 30. Rxf7 Kxf7 31. Nf5 Re6 32. Nh4 g5 33. Nf3 h6 34.
h4 Kf6 35. hxg5+ hxg5 36. g4 a5 37. Ne5 Ke7 38. a4 bxa4 39. Nxc4 Re4 40. Ne5 Ke6
41. Kd3 Rf4 42. Kc4 Rf2 43. Kb5 Rxb2+ 44. Kxa4 Ra2+ 45. Kb3 Ra1 46. Kb2 Re1 47.
Kb3 Rxe5 48. dxe5 Kxe5 49. Ka4 Kd5 50. Kb5 a4 51. Kb4 Ke4 52. Kxa4 Kf4 53. c4
Kxg4 54. c5 Kf5 55. c6 1-0

[Event "AUTO-MASTER-942"]
[Site "http://www.queenalice.com/game.php?id=674776"]
[Date "2009.10.30"]
[Round "1"]
[White "joacijc"]
[Black "zonszein"]
[Result "0-1"]
[WhiteElo "1969"]
[BlackElo "2180"]

1. d4 Nf6 2. Nf3 g6 3. e3 Bg7 4. Be2 d6 5. O-O O-O 6. Nc3 c5 7. dxc5 dxc5 8.
Qxd8 Rxd8 9. e4 Nc6 10. Be3 b6 11. a4 Bb7 12. Rab1 Ng4 13. Bg5 Nge5 14. Nxe5
Bxe5 15. Nd5 f6 16. Be3 e6 17. Nf4 Nd4 18. Bxd4 Rxd4 19. Nd3 Bxe4 20. b3 Bc7 21.
f3 Bb7 22. c3 Rd7 23. a5 Ba6 24. axb6 Bxd3 25. Bxd3 Rxd3 26. bxc7 Rc8 27. c4
Rxc7 28. Rfd1 Rcd7 29. Rxd3 Rxd3 30. Rb2 Kf7 31. Kf2 Ke7 32. Ke2 Rd7 33. Ke3 a5
34. Rc2 Rb7 35. Kd3 Rxb3+ 36. Rc3 Rxc3+ 37. Kxc3 Kd6 38. f4 e5 0-1

[Event "AUTO-MASTER-942"]
[Site "http://www.queenalice.com/game.php?id=674785"]
[Date "2009.10.30"]
[Round "1"]
[White "joacijc"]
[Black "vila1"]
[Result "1-0"]
[WhiteElo "1971"]
[BlackElo "1768"]

1. d4 e6 2. e3 Nf6 3. Nf3 b6 4. Be2 Bb7 5. O-O Be7 6. c4 O-O 7. Nc3 Nc6 8. b3 d5
9. cxd5 Nxd5 10. Bb2 Bb4 11. Nxd5 Qxd5 12. Qc2 Rac8 13. Bc4 Qd6 14. a3 Ba5 15.
b4 Bxb4 16. axb4 Nxb4 17. Qe2 a5 18. Ba3 Bd5 19. Bxd5 Qxd5 20. Bxb4 axb4 21.
Rfc1 c5 22. dxc5 bxc5 23. Qc4 Rfd8 24. Qxd5 Rxd5 25. Rd1 h6 26. Rxd5 exd5 27.
Rb1 f6 28. Kf1 Kf7 29. Ke2 1-0

[Event "AUTO-MASTER-942"]
[Site "http://www.queenalice.com/game.php?id=674786"]
[Date "2009.10.30"]
[Round "1"]
[White "vila1"]
[Black "joacijc"]
[Result "0-1"]
[WhiteElo "1777"]
[BlackElo "1962"]

1. c4 c5 2. g3 e5 3. Bg2 Nf6 4. e4 d6 5. Nc3 Nc6 6. Nge2 Be7 7. O-O g5 8. d3 g4
9. a3 h5 10. Bg5 Nxe4 11. Nxe4 Bxg5 12. Nxg5 Qxg5 13. Qc1 Qxc1 14. Bxc6+ bxc6
15. Rfxc1 Rb8 16. Rc2 Bf5 17. Rd1 O-O 18. Nc3 f6 19. Ne4 Bxe4 20. dxe4 Rfd8 21.
Kg2 Kf7 22. Rcd2 Ke7 23. h3 Rd7 24. hxg4 hxg4 25. Rh1 Ke6 26. Rh4 Rdb7 27. Rxg4
Rxb2 28. Rxb2 Rxb2 29. Rg7 Rc2 30. Rxa7 Rxc4 31. f3 Rc2+ 32. Kf1 Rd2 0-1

[Event "AUTO-MASTER-1053"]
[Site "http://www.queenalice.com/game.php?id=736499"]
[Date "2010.2.23"]
[Round "1"]
[White "TheBigSid"]
[Black "joacijc"]
[Result "1-0"]
[WhiteElo "2149"]
[BlackElo "1984"]

1. d4 d5 2. c4 dxc4 3. Nc3 Nf6 4. e4 Nc6 5. Be3 e6 6. Bxc4 Bb4 7. f3 O-O 8. Ne2
e5 9. O-O Bxc3 10. bxc3 Kh8 11. Rb1 a6 12. Qd2 b5 13. Bb3 Na5 14. Bg5 Nxb3 15.
axb3 h6 16. Bxh6 gxh6 17. Qxh6+ Nh7 18. dxe5 Qg5 19. Qc6 Bh3 20. Ng3 Qe3+ 21.
Kh1 Be6 22. Qxc7 Rfc8 23. Qb7 Qxc3 24. f4 Qc7 25. Qxc7 Rxc7 26. Rfd1 Rac8 27. f5
Bd7 28. h3 a5 29. Ne2 a4 30. bxa4 bxa4 31. Nd4 a3 32. Ra1 Ng5 33. Rxa3 Rc1 34.
Rxc1 Rxc1+ 35. Kh2 Rc8 36. Ra7 Rd8 37. Ra6 Nxe4 38. e6 fxe6 39. Nxe6 Bxe6 40.
Rxe6 Nd6 41. g4 Kg7 42. Kg3 Nf7 43. h4 Rd3+ 44. Kf4 Rh3 45. h5 Rh4 46. Rg6+ Kf8
47. f6 Rh1 48. Kg3 Ne5 49. Rg7 Rg1+ 50. Kf4 Nf7 51. g5 Rf1+ 52. Kg4 Ne5+ 53. Kg3
Rg1+ 54. Kf4 Nf7 55. h6 Nd8 56. h7 Ne6+ 57. Ke5 Nxg7 58. h8=Q+ 1-0

[Event "AUTO-MASTER-1053"]
[Site "http://www.queenalice.com/game.php?id=736500"]
[Date "2010.2.23"]
[Round "1"]
[White "joacijc"]
[Black "TheBigSid"]
[Result "0-1"]
[WhiteElo "1995"]
[BlackElo "2108"]

1. e4 e6 2. Nf3 d5 3. exd5 exd5 4. d4 Bd6 5. c3 Nf6 6. Be2 O-O 7. Bg5 Re8 8. O-O
Bg4 9. Nbd2 Nbd7 10. h3 Be6 11. a4 c6 12. b4 a6 13. Nb3 Qc7 14. Nc5 Nxc5 15.
Bxf6 Ne4 16. Be5 Nxc3 17. Qd3 Nxe2+ 18. Qxe2 Bf5 19. Qe3 Be4 20. Rfe1 Re7 21.
Bxd6 Qxd6 22. Ng5 Rae8 23. Nxe4 Rxe4 24. Qd2 Qe6 25. Rxe4 Qxe4 26. Kf1 f5 27. f3
Qh4 28. b5 axb5 29. axb5 Qd8 30. bxc6 bxc6 31. Qc2 Qf6 32. Ra6 Qxd4 33. Rxc6 Qe3
34. Qd1 Rd8 35. Qe2 d4 36. Qc4+ Kh8 37. Rc8 Qe8 38. Rxd8 Qxd8 39. Qc5 d3 40. Qc1
d2 41. Qd1 Qd3+ 42. Kf2 f4 43. Qe2 Qd4+ 44. Kf1 d1=Q+ 0-1

[Event "AUTO-MASTER-1053"]
[Site "http://www.queenalice.com/game.php?id=736511"]
[Date "2010.2.23"]
[Round "1"]
[White "Nephi_R"]
[Black "joacijc"]
[Result "0-1"]
[WhiteElo "1745"]
[BlackElo "1982"]

1. e4 e5 2. Nf3 Nc6 3. d4 exd4 4. Nxd4 Qf6 5. Be3 Bc5 6. c3 Nxd4 7. cxd4 Bb6 8.
Be2 Qg6 9. Bf3 h5 10. Nc3 d6 11. Nd5 Bg4 12. Nf4 Qh7 13. Bxg4 hxg4 14. Qxg4 Nf6
15. Qf3 Ba5+ 16. Kf1 Qxe4 17. Qxe4+ Nxe4 18. h4 O-O-O 19. Ke2 Kd7 20. g3 Rde8
21. Kd3 c6 22. Rab1 Re7 0-1

[Event "AUTO-MASTER-1053"]
[Site "http://www.queenalice.com/game.php?id=736512"]
[Date "2010.2.23"]
[Round "1"]
[White "joacijc"]
[Black "Nephi_R"]
[Result "1-0"]
[WhiteElo "1989"]
[BlackElo "1738"]

1. d4 Nf6 2. Nf3 g6 3. e3 Bg7 4. Be2 d6 5. O-O Bg4 6. Nc3 O-O 7. Qd3 c6 8. Ne4
Nbd7 9. Nxf6+ Nxf6 10. e4 Qc7 11. h3 Bxf3 12. Bxf3 e5 13. dxe5 dxe5 14. Be3 Rad8
15. Qa3 b6 16. c4 c5 17. Rad1 1-0

[Event "AUTO-MASTER-1053"]
[Site "http://www.queenalice.com/game.php?id=736517"]
[Date "2010.2.23"]
[Round "1"]
[White "Pumuckel"]
[Black "joacijc"]
[Result "1-0"]
[WhiteElo "2421"]
[BlackElo "1984"]

1. e4 e5 2. d4 exd4 3. Nf3 Bb4+ 4. c3 dxc3 5. Nxc3 Ne7 6. Qd4 Bxc3+ 7. Qxc3 O-O
8. Be3 d6 9. O-O-O Nbc6 10. h4 h5 11. Ng5 Ne5 12. f4 Ng4 13. Bd4 f6 14. Bc4+ d5
15. exd5 Qd6 16. Bc5 Qxf4+ 17. Rd2 Kh8 18. Bxe7 Re8 19. g3 Qe3 20. Nf7+ Kh7 21.
Bd3+ g6 22. Bc5 Qxg3 23. Bxg6+ Kxg6 24. Qxg3 Kxf7 25. Qxc7+ Kg6 26. d6 b6 27. d7
Bxd7 28. Rxd7 Rac8 29. Rg7+ Kf5 30. Rf1+ Ke4 31. Rxg4+ Kd3 32. Qg3+ 1-0

[Event "AUTO-MASTER-1053"]
[Site "http://www.queenalice.com/game.php?id=736518"]
[Date "2010.2.23"]
[Round "1"]
[White "joacijc"]
[Black "Pumuckel"]
[Result "0-1"]
[WhiteElo "1961"]
[BlackElo "2423"]

1. e4 c5 2. Nf3 d6 3. Nc3 Nc6 4. Be2 e5 5. d3 Nf6 6. O-O Be6 7. Bg5 Be7 8. Bxf6
Bxf6 9. Nd5 Bxd5 10. exd5 Ne7 11. c4 O-O 12. a4 Nf5 13. Qd2 h6 14. b4 cxb4 15.
Rab1 a5 16. h3 Qd7 17. Qc2 Bd8 18. g4 Ne7 19. d4 exd4 20. Nxd4 Bb6 21. Nb3 Qxa4
0-1

[Event "AUTO-MASTER-1158"]
[Site "http://www.queenalice.com/game.php?id=797127"]
[Date "2010.6.30"]
[Round "1"]
[White "Carl_Flemming"]
[Black "joacijc"]
[Result "0-1"]
[WhiteElo "2066"]
[BlackElo "1996"]

1. e4 e5 2. Nf3 Nc6 3. Bc4 Bc5 4. d4 exd4 5. O-O d6 6. Re1 Ne5 7. Nxe5 dxe5 8.
c3 Nf6 9. cxd4 Bxd4 10. Nc3 O-O 11. Bg5 Bg4 12. Qb3 Qd6 13. h3 Bh5 14. Be2 Bxe2
15. Rxe2 Bb6 16. Rd1 Qe6 17. Nd5 Nxd5 18. exd5 Qf5 19. Qg3 f6 20. Bc1 Rad8 21.
b4 c6 22. Qb3 Kh8 23. Bb2 Rxd5 24. Rxd5 cxd5 25. Kh2 Bxf2 26. Qxd5 Qf4+ 27. Kh1
Bd4 28. Rc2 Qf1+ 29. Kh2 Bg1+ 30. Kh1 Bf2+ 0-1

[Event "AUTO-MASTER-1158"]
[Site "http://www.queenalice.com/game.php?id=797128"]
[Date "2010.6.30"]
[Round "1"]
[White "joacijc"]
[Black "Carl_Flemming"]
[Result "0-1"]
[WhiteElo "2015"]
[BlackElo "2027"]

1. d4 g6 2. e4 Bg7 3. Nf3 c5 4. Bc4 cxd4 5. Nxd4 Nc6 6. Nxc6 bxc6 7. c3 Bb7 8.
Be3 e6 9. a4 d5 10. exd5 exd5 11. Ba2 Nf6 12. b4 O-O 13. O-O Qc7 14. Bd4 Bc8 15.
Nd2 Ng4 16. Nf3 Re8 17. Bxg7 Kxg7 18. Qd4+ f6 19. Rae1 Ne5 20. Nxe5 fxe5 21. Qh4
Ba6 22. c4 d4 23. b5 cxb5 24. cxb5 Bb7 25. Qg3 Rac8 26. h4 e4 27. Qg5 Qe5 28. f4
Qxg5 29. hxg5 e3 30. Rc1 d3 31. Bb3 d2 32. Rxc8 Rxc8 33. Bd1 Rc1 34. g4 Rxd1 35.
Rxd1 e2 0-1

[Event "AUTO-MASTER-1158"]
[Site "http://www.queenalice.com/game.php?id=797139"]
[Date "2010.6.30"]
[Round "1"]
[White "GridKnit"]
[Black "joacijc"]
[Result "0-1"]
[WhiteElo "1848"]
[BlackElo "1986"]

1. c4 c5 2. Nf3 Nf6 3. g3 g6 4. Bg2 Bg7 5. O-O O-O 6. Nc3 Nc6 7. d4 cxd4 8. Nxd4
Ne5 9. b3 d6 10. Bb2 a6 0-1

[Event "AUTO-MASTER-1158"]
[Site "http://www.queenalice.com/game.php?id=797145"]
[Date "2010.6.30"]
[Round "1"]
[White "arvim"]
[Black "joacijc"]
[Result "0-1"]
[WhiteElo "2160"]
[BlackElo "1999"]

1. c4 c5 2. Nf3 g6 3. Nc3 Nc6 4. g3 Nf6 5. Bg2 Bg7 6. O-O O-O 7. d4 Nxd4 8. Nxd4
cxd4 9. Qxd4 d6 10. Qh4 Qc7 11. Bd2 Be6 12. Nd5 Nxd5 13. cxd5 Bd7 14. Rac1 Qb6
15. b3 a5 16. Qxe7 Bb5 17. Rfe1 Rae8 18. Qc7 Qa6 19. e4 Be5 20. Qxa5 Qxa5 21.
Bxa5 Rc8 22. Bh3 Ra8 23. Bc3 Bxc3 24. Rxc3 Rxa2 25. Rc7 Rfa8 26. Rxb7 Ra1 0-1

[Event "AUTO-MASTER-1158"]
[Site "http://www.queenalice.com/game.php?id=797146"]
[Date "2010.6.30"]
[Round "1"]
[White "joacijc"]
[Black "arvim"]
[Result "1-0"]
[WhiteElo "2021"]
[BlackElo "2192"]

1. d4 Nf6 2. Nf3 e6 3. e3 c5 4. c3 b6 5. Be2 Be7 6. O-O Ba6 7. Nbd2 Bxe2 8. Qxe2
cxd4 9. cxd4 O-O 10. b3 d5 11. Ne5 Nfd7 12. Ndf3 Bf6 13. e4 Nxe5 14. dxe5 Be7
15. exd5 Qxd5 16. Rd1 Qb7 17. Bb2 Na6 18. Rac1 Rfd8 19. Nd4 Rac8 20. Rxc8 Rxc8
21. Nb5 Nc7 22. Nd6 Bxd6 23. exd6 Nd5 24. Qg4 f5 25. Qd4 Rd8 26. Qe5 Qf7 27. h4
Qf6 28. Qxd5 exd5 29. Bxf6 gxf6 30. Rxd5 Kf7 31. Rxf5 Rxd6 32. g4 Rd2 33. g5 Rd6
34. Kg2 h5 35. gxf6 a5 36. Rxh5 Rxf6 37. Re5 Kg6 38. Kg3 Rc6 39. a4 1-0

[Event "AUTO-MASTER-1158"]
[Site "http://www.queenalice.com/game.php?id=897064"]
[Date "2011.2.7"]
[Round "2"]
[White "aormic"]
[Black "joacijc"]
[Result "1-0"]
[WhiteElo "2342"]
[BlackElo "2012"]

1. d4 d5 2. c4 Nf6 3. cxd5 Nxd5 4. Nf3 e6 5. e4 Bb4+ 6. Bd2 Bxd2+ 7. Qxd2 Nf6 8.
Nc3 O-O 9. Bd3 Nc6 10. e5 Nd5 11. Ne4 Ncb4 12. Bb1 a5 13. a3 Nc6 14. O-O h6 15.
Qd3 1-0

[Event "AUTO-MASTER-1158"]
[Site "http://www.queenalice.com/game.php?id=897065"]
[Date "2011.2.7"]
[Round "2"]
[White "joacijc"]
[Black "aormic"]
[Result "0-1"]
[WhiteElo "2015"]
[BlackElo "2340"]

1. d4 d5 2. e3 Nf6 3. Nf3 c5 4. Bb5+ Bd7 5. Bxd7+ Nbxd7 6. O-O e6 7. c3 Bd6 8.
Nbd2 O-O 9. b3 Qe7 10. c4 Rfd8 11. Bb2 e5 12. dxe5 Nxe5 13. Nxe5 Bxe5 14. Bxe5
Qxe5 15. Nf3 Qe7 16. Qc2 Rac8 0-1

[Event "AUTO-MASTER-1158"]
[Site "http://www.queenalice.com/game.php?id=897070"]
[Date "2011.2.7"]
[Round "2"]
[White "AndreaLM"]
[Black "joacijc"]
[Result "1-0"]
[WhiteElo "2256"]
[BlackElo "2022"]

1. d4 d5 2. c4 Nf6 3. Nc3 Nc6 4. Nf3 dxc4 5. e4 e6 6. Bxc4 Bb4 7. e5 Ne4 8. Qd3
Nxc3 9. bxc3 Be7 10. Qc2 O-O 11. h4 b6 12. Ng5 1-0

[Event "AUTO-MASTER-1158"]
[Site "http://www.queenalice.com/game.php?id=897071"]
[Date "2011.2.7"]
[Round "2"]
[White "joacijc"]
[Black "AndreaLM"]
[Result "0-1"]
[WhiteElo "2029"]
[BlackElo "2251"]

1. d4 f5 2. e3 Nf6 3. Bd3 g6 4. Nf3 Bg7 5. O-O O-O 6. Nbd2 d5 7. c4 e6 8. b3 c6
9. Bb2 Nbd7 10. Ne5 Nxe5 11. dxe5 Ng4 12. Nf3 Qc7 13. cxd5 exd5 14. Qc2 Nxe5 15.
Nxe5 Bxe5 0-1